A brief history of islam / (Record no. 347507)

000 -LEADER
fixed length control field 00521 a2200169 4500
020 ## - INTERNATIONAL STANDARD BOOK NUMBER
International Standard Book Number 817898332X (paperback)
020 ## - INTERNATIONAL STANDARD BOOK NUMBER
International Standard Book Number 9788178983325 (paperback)
082 04 - DEWEY DECIMAL CLASSIFICATION NUMBER
Classification number 297
090 ## - LOCALLY ASSIGNED LC-TYPE CALL NUMBER (OCLC); LOCAL CALL NUMBER (RLIN)
-- 5085
-- 5085
100 1# - MAIN ENTRY--PERSONAL NAME
Personal name Ahmed, Hasanuddin.
245 12 - TITLE STATEMENT
Title A brief history of islam /
Statement of responsibility, etc. Hasanuddin Ahmed.
250 ## - EDITION STATEMENT
Edition statement 1st ed.
260 ## - PUBLICATION, DISTRIBUTION, ETC.
Place of publication, distribution, etc. [S.l.] :
Name of publisher, distributor, etc. Laurier Books Ltd,
Date of publication, distribution, etc. 2004.
300 ## - PHYSICAL DESCRIPTION
Extent 593 p. ;
Dimensions 22 cm.
856 40 - ELECTRONIC LOCATION AND ACCESS
Materials specified Amazon.com
Uniform Resource Identifier <a href="http://www.amazon.com/exec/obidos/ASIN/817898332X/chopaconline-20">http://www.amazon.com/exec/obidos/ASIN/817898332X/chopaconline-20</a>
942 ## - ADDED ENTRY ELEMENTS (KOHA)
Institution code [OBSOLETE] NBS
Koha item type Book
Call number prefix 297.09 AHM
Holdings
Withdrawn status Lost status Damaged status Not for loan Permanent Location Current Location Shelving location Date acquired Total Checkouts Total Renewals Full call number Barcode Date last seen Date last checked out Price effective from Koha item type
        Central Library (CL) Central Library (CL) First Floor - Islam 08/28/2013 11 11 297.09 AHM NBS7069 06/22/2025 12/17/2024 08/28/2013 Book
© 2023 Central Library, National University of Sciences and Technology. All Rights Reserved.